Discursos leídos ante la Real Academia de Ciencias Exactas, Físicas y Naturales (Record no. 173130)

MARC details
000 -LEADER
campo de control de longitud fija 03575nas a2200433 i 4500
001 - NÚMERO DE CONTROL
campo de control 173130
003 - IDENTIFICADOR DE NÚMERO DE CONTROL
campo de control ES-MaACL
005 - FECHA Y HORA DE LA ÚLTIMA TRANSACCIÓN
campo de control 20251118180655.0
007 - CAMPO FIJO DE DESCRIPCIÓN FÍSICA--INFORMACIÓN GENERAL
campo de control de longitud fija t|
008 - DATOS DE LONGITUD FIJA--INFORMACIÓN GENERAL
campo de control de longitud fija 091105c18681878sp a| | 1 ||pa d
080 ## - NÚMERO DE LA CLASIFICACIÓN DECIMAL UNIVERSAL
Número de la Clasificación Decimal Universal 5:061.12(460)
110 2# - ENTRADA PRINCIPAL--NOMBRE DE ENTIDAD CORPORATIVA
Nombre de entidad corporativa o nombre de jurisdicción como elemento de entrada Real Academia de Ciencias Exactas, Físicas y Naturales de España.
9 (RLIN) 175635
245 10 - MENCIÓN DEL TÍTULO
Título Discursos leídos ante la Real Academia de Ciencias Exactas, Físicas y Naturales
Fechas predominantes 1868-1878.
260 ## - PUBLICACIÓN, DISTRIBUCIÓN, ETC.
Lugar de publicación, distribución, etc. Madrid :
Nombre del editor, distribuidor, etc. [s. n.],
Fecha de publicación, distribución, etc. 1868 (
Fabricante Imp. y Lib. de Eusebio Aguado)
300 ## - DESCRIPCIÓN FÍSICA
Extensión 1 v. ;
Dimensiones 26 cm.
505 8# - NOTA DE CONTENIDO CON FORMATO
Nota de contenido con formato Contiene: T. I: Historia de la zoología en España / Laureano Pérez Arcas (37 p.). Contestación / Nicolás Casas de Mendoza (p. 38-51). Cálculo de probabilidades / Miguel Merino (82 p.). Contestación / Antonio Aguilar (p. 83-103). Algunas consideraciones referentes a la constitución o formación del individuo o la especie en química / Magín Bonet y Bonfill (76 p.). Contestación / Eduardo Rodríguez (p. 77- 120). Sistemas y métodos de enseñanza de las matemáticas / Pedro Alcántara de la Llave (50 p.). Contestación / Carlos Ibáñez (p. 51-68). Breve reseña de la historia de las ciencias naúticas en nuestra Península / Francisco de Paula Márquez y Roco (67 p.). Contestación / Antonio Aguilar y Vela (p. 68-94). Importancia y altísima significación de los estudios paleontológicos en todos los conceptos considerados / Juan Vilanova y Piera (40 p.). Contestación / Sandalio de Pereda (p. 41-57). Algunos puntos de zoología aplicada / Ramón Llorente y Lázaro (55 p.). Contestación / Mariano de la Paz Graells (p. 57-98). Progresos verificados en el conocimiento de la reproducción de los vegetales y en especial en el de la fecundación de las plantas fenerógamas / Máximo Laguna (32 p.). Contestación / Mariano de la Paz Graells (p. 33-58). Bosquejo sobre el origen y progresos de la botánica / Esteban Boutelou (45 p.). Contestación / Miguel Colmeiro (p. 47-78). Algunas consideraciones acerca de la fauna malacológica de la Península / Joaquín González Hidalgo (46 p.). Contestación / Mariano de la Paz Graells (p. 47-100). La influencia que ha podido ejercer en ciertos fenómenos geológicos el movimiento molecular debido a las acciones eléctricas / Manuel Fernández de Castro (81 p.). Contestación / José de Echegaray (p. 83-108).
700 1# - ENTRADA AGREGADA--NOMBRE PERSONAL
Nombre de persona Ibáñez de Ibero, Carlos,
Títulos y otros términos asociados al nombre Marqués de Mulhacén,
Fechas asociadas al nombre 1888-1966
9 (RLIN) 151481
700 1# - ENTRADA AGREGADA--NOMBRE PERSONAL
Nombre de persona Vilanova y Piera, Juan,
Fechas asociadas al nombre 1821-1893
9 (RLIN) 114785
700 1# - ENTRADA AGREGADA--NOMBRE PERSONAL
Nombre de persona Echegaray, José,
Fechas asociadas al nombre 1832-1916
9 (RLIN) 46526
700 1# - ENTRADA AGREGADA--NOMBRE PERSONAL
Nombre de persona Fernández de Castro, Manuel,
Fechas asociadas al nombre 1825-1895
9 (RLIN) 49645
700 1# - ENTRADA AGREGADA--NOMBRE PERSONAL
Nombre de persona Pérez Arcas, Laureano,
Fechas asociadas al nombre 1822-1894
9 (RLIN) 131453
700 1# - ENTRADA AGREGADA--NOMBRE PERSONAL
Nombre de persona Casas de Mendoza, Nicolás.
9 (RLIN) 126372
700 1# - ENTRADA AGREGADA--NOMBRE PERSONAL
Nombre de persona Merino, Miguel,
Fechas asociadas al nombre 1831-1905
9 (RLIN) 129856
700 1# - ENTRADA AGREGADA--NOMBRE PERSONAL
Nombre de persona Aguilar, Antonio
Títulos y otros términos asociados al nombre (jurisconsulto)
9 (RLIN) 18683
700 1# - ENTRADA AGREGADA--NOMBRE PERSONAL
Nombre de persona Bonet y Bonfill, Magín.
9 (RLIN) 30137
700 1# - ENTRADA AGREGADA--NOMBRE PERSONAL
Nombre de persona Rodríguez, Eduardo,
Fechas asociadas al nombre 1815-1881
9 (RLIN) 175901
700 1# - ENTRADA AGREGADA--NOMBRE PERSONAL
Nombre de persona Alcántara de la Llave, Pedro
9 (RLIN) 125594
700 1# - ENTRADA AGREGADA--NOMBRE PERSONAL
Nombre de persona Marquez y Roco, Francisco de Paula.
9 (RLIN) 129531
700 1# - ENTRADA AGREGADA--NOMBRE PERSONAL
Nombre de persona Aguilar y Vela, Antonio,
Fechas asociadas al nombre 1820-1882
9 (RLIN) 18755
700 1# - ENTRADA AGREGADA--NOMBRE PERSONAL
Nombre de persona Pereda y Martínez, Sandalio de,
Fechas asociadas al nombre 1822-1886
9 (RLIN) 90459
700 1# - ENTRADA AGREGADA--NOMBRE PERSONAL
Nombre de persona Llorente Lázaro, Ramón,
Fechas asociadas al nombre 1820-1880
9 (RLIN) 128508
700 1# - ENTRADA AGREGADA--NOMBRE PERSONAL
Nombre de persona Graells, Mariano de la Paz,
Fechas asociadas al nombre 1809-1898
9 (RLIN) 127520
700 1# - ENTRADA AGREGADA--NOMBRE PERSONAL
Nombre de persona Laguna, Máximo,
Fechas asociadas al nombre 1826-1902
9 (RLIN) 69621
700 1# - ENTRADA AGREGADA--NOMBRE PERSONAL
Nombre de persona Boutelou, Esteban.
9 (RLIN) 31053
700 1# - ENTRADA AGREGADA--NOMBRE PERSONAL
Nombre de persona Colmeiro, Miguel,
Fechas asociadas al nombre 1816-1901
9 (RLIN) 39771
700 1# - ENTRADA AGREGADA--NOMBRE PERSONAL
Nombre de persona González Hidalgo, Joaquín,
Fechas asociadas al nombre 1839-1923
9 (RLIN) 127415
852 ## - LOCALIZACIÓN
Ubicación ES-MaACL
Número de control de estantería K-203
Holdings
Estatus retirado Estado de pérdida Estado de daño No para préstamo Colección Biblioteca de origen Biblioteca actual Ubicación en estantería Fecha de adquisición Total de préstamos Signatura topográfica completa Código de barras Visto por última vez Precio de reemplazo Tipo de ítem Koha
        Periódicos y Revistas Biblioteca del Ateneo de Madrid Biblioteca del Ateneo de Madrid Administración 05/11/2009   K-203 1181663 23/02/2023 23/02/2023 Revista